UBT Library

Nelson essentials of pediatrics / (Record no. 39751)

000 -LEADER
fixed length control field 00666pam a2200241 a 4500
001 - CONTROL NUMBER
control field 2910907
005 - DATE AND TIME OF LATEST TRANSACTION
control field 20180104081904.0
008 - FIXED-LENGTH DATA ELEMENTS--GENERAL INFORMATION
fixed length control field 880722s1990 paua b 001 0 eng c
010 ## - LIBRARY OF CONGRESS CONTROL NUMBER
LC control number 88023827
020 ## - INTERNATIONAL STANDARD BOOK NUMBER
International Standard Book Number 0721622291
040 ## - CATALOGING SOURCE
Original cataloging agency DNLM/DLC
Transcribing agency DLC
Modifying agency DLC
041 ## - LANGUAGE CODE
Language code of text/sound track or separate title eng
060 ## - NATIONAL LIBRARY OF MEDICINE CALL NUMBER
Classification number WS 100 T3553
080 ## - UNIVERSAL DECIMAL CLASSIFICATION NUMBER
Universal Decimal Classification number 618.92
082 00 - DEWEY DECIMAL CLASSIFICATION NUMBER
Classification number 618.92 NEL
Edition number 19
100 ## - Rafti
Rafti 8
101 ## - Shkurtesa
Shkurtesa PED
245 00 - TITLE STATEMENT
Title Nelson essentials of pediatrics /
Statement of responsibility, etc [edited by] Richard E. Behrman, Robert Kliegman.
504 ## - BIBLIOGRAPHY, ETC. NOTE
Bibliography, etc Includes bibliographical references.
740 0# - ADDED ENTRY--UNCONTROLLED RELATED/ANALYTICAL TITLE
Uncontrolled related/analytical title Essentials of pediatrics.
906 ## - LOCAL DATA ELEMENT F, LDF (RLIN)
a 7
b cbc
c orignew
d 1
e ocip
f 19
g y-gencatlg
942 ## - ADDED ENTRY ELEMENTS (KOHA)
Source of classification or shelving scheme
Item type Books
Holdings
Withdrawn status Lost status Source of classification or shelving scheme Damaged status Not for loan Collection code Permanent location Current location Shelving location Date acquired Total Checkouts Full call number Barcode Date last seen Price effective from Koha item type
          Koleksioni i përgjithshem UBT - Lipjan UBT - Lipjan General Stacks 01/04/2018   618.92 NEL 002-2994350 01/04/2018 01/04/2018 Books
UBT Library © 2015-2024. All rights reserved University Education for Business and Technology